000 00535nam a2200205Ia 4500
003 IIN
005 20250526121936.0
008 250526s2023 xx ad 001 0 eng d
020 _cRs.650.00
_a9789386006561
040 _aIIN
_bEnglish
082 _a615.1
_bKRI
100 1 _aKrishnaraj, P.
245 1 _aTextbook of Pharmacology for Nurses/
_cP. Krishnaraj
250 _a2nd ed.
260 _aBangalore
_bEMMESS
_c2023
300 _ax, 438 p.
_bill.
500 _aIncludes Index
650 1 _aPharmacology
942 _cBOOK
999 _c1840
_d1840